Nossa diversidade criadora (Record no. 64065)

MARC details
000 -LÍDER
campo de controle de tamanho fixo 00468 a2200157 4500
001 - NÚMERO DE CONTROLE
campo de controle 64065
020 ## - ISBN - INTERNATIONAL STANDARD BOOK NUMBER
ISBN - International Standard Book Number 8530804805
040 ## - FONTE DA CATALOGAÇÃO
Instituição que transcreveu o registro Anchieta - Pituba
100 ## - ENTRADA PRINCIPAL--NOME PESSOAL
Nome pessoal Cuéller, Javier Pérez de
240 10 - TÍTULO UNIFORME
Título uniforme Nossa diversidade criadora
Idioma da obra por
245 10 - TÍTULO
Título Nossa diversidade criadora
300 ## - DESCRIÇÃO FÍSICA
Extensão 416
362 0# - DATAS DE PUBLICAÇÃO E/OU DESIGNAÇÃO SEQUENCIAL
Datas de publicação e/ou designação sequencial 1997
650 #4 - ASSUNTO--TERMO TÓPICO
Cabeçalho tópico ou nome geográfico Cultura e instituições / Cultura popular / Antropologia cultural / História da cultura (Cultura hispano-americana, ...)
942 ## - ELEMENTOS DE ENTRADA ADICIONADOS (KOHA)
Tipo de material Koha Livros
Holdings
Situação do descarte Situação das perdas Situação física Não pode ser emprestado Biblioteca de origem Biblioteca atual Data de aquisição Total de empréstimos Número de chamada completo Código de barras Data de último acesso Data do preço efetivo Tipo de material Koha
        Colégio Anchieta - Pituba Colégio Anchieta - Pituba 21/11/2023   306 C965n CUE NOS 17678/PIT 21/11/2023 21/11/2023 Livros